[Event "Subcarpathian-chT"]
[Site "Bystre"]
[Date "2021.06.11"]
[Round "4.23"]
[White "Klok, Kacper"]
[Black "Tokarz, Izabela"]
[Result "0-1"]
[WhiteElo "1489"]
[BlackElo "1621"]
[PlyCount "128"]
[EventDate "2021.06.09"]
[EventType "team-tourn"]
[EventRounds "9"]
[EventCountry "POL"]
[SourceTitle "EXT 2022"]
[Source "ChessBase"]
[SourceDate "2021.10.06"]
[SourceVersion "1"]
[SourceVersionDate "2021.10.06"]
[SourceQuality "1"]

1. e3 d5 2. c4 e6 3. d4 Nf6 4. Nf3 Be7 5. Nc3 0-0 6. Bd3 Nbd7 7. Qc2 Re8 8. g4 dxc4 9. Bxc4 Nxg4 10. h3 Ngf6 11. Ng5 Nf8 12. Rg1 c5 13. dxc5 Bxc5 14. Bd2 Qc7 15. Nce4 Be7 16. Nxf6+ Bxf6 17. Ne4 Ng6 18. Nxf6+ gxf6 19. h4 b5 20. Bd3 Qxc2 21. Bxc2 Kh8 22. Be4 Rb8 23. h5 Ne5 24. Bc3 Bb7 25. Bxb7 Rxb7 26. Ke2 Rg8 27. f4 Nd7 28. Rxg8+ Kxg8 29. Rg1+ Kh8 30. Bb4 h6 31. Rc1 Nb6 32. Bf8 Kh7 33. Rg1 Rd7 34. Rg7+ Kh8 35. Rg1 Rd5 36. Bg7+ Kg8 37. Bxf6+ Kf8 38. e4 Rxh5 39. Rd1 Kg8 40. Rd8+ Kh7 41. Kf3 Kg6 42. Kg4 Rc5 43. Bd4 f5+ 44. exf5+ exf5+ 45. Kh4 Rc6 46. Rg8+ Kf7 47. Rg7+ Ke6 48. Rxa7 Kd5 49. Be5 Nc4 50. Bc3 Ke4 51. b3 Nb6 52. Be5 Nd5 53. a4 Nxf4 54. Bxf4 Kxf4 55. axb5 Rb6 56. Ra4+ Kf3 57. Rb4 f4 58. Kh3 h5 59. Kh2 h4 60. Kh3 Ke3 61. Kxh4 f3 62. Kg3 Rg6+ 63. Rg4 Rxg4+ 64. Kxg4 f2 0-1

[Event "Subcarpathian-chT"]
[Site "Bystre"]
[Date "2021.06.10"]
[Round "3.11"]
[White "Wasik, Roman"]
[Black "Klok, Kacper"]
[Result "0-1"]
[WhiteElo "1500"]
[BlackElo "1489"]
[PlyCount "104"]
[EventDate "2021.06.09"]
[EventType "team-tourn"]
[EventRounds "9"]
[EventCountry "POL"]
[SourceTitle "EXT 2022"]
[Source "ChessBase"]
[SourceDate "2021.10.06"]
[SourceVersion "1"]
[SourceVersionDate "2021.10.06"]
[SourceQuality "1"]

1. Nf3 d5 2. d4 Nf6 3. c4 e6 4. Nc3 Nc6 5. e3 b6 6. Ne5 Nxe5 7. dxe5 Ne4 8. Nxe4 dxe4 9. Qxd8+ Kxd8 10. Bd2 c5 11. Be2 Bb7 12. 0-0 f5 13. Rad1 Kc7 14. Bc3 Be7 15. g4 g6 16. h3 h5 17. gxf5 gxf5 18. Kh2 Bg5 19. Rd6 f4 20. Rg1 Rag8 21. Bd2 f3 22. Bd1 Be7 23. Rxe6 Bh4 24. Reg6 Rxg6 25. Rxg6 Rd8 26. Rd6 Rxd6 27. exd6+ Kxd6 28. Kg1 Bc8 29. Bc2 Bf5 30. Be1 a6 31. a4 Kc6 32. b3 Bf6 33. Kh2 Be5+ 34. Kg1 h4 35. b4 Kd6 36. a5 bxa5 37. bxa5 Bxh3 38. Bxe4 Bg2 39. Bf5 h3 40. Bxh3 Bxh3 41. Bd2 Be6 42. Bc1 Bxc4 43. Ba3 Bc3 44. Kh2 Bxa5 45. Kg3 Be2 46. Kf4 Bb4 47. Bb2 a5 48. Be5+ Ke6 49. Bg7 c4 50. Bb2 c3 51. Bc1 a4 52. Ke4 a3 0-1